[Event "BL 1617 SK König Tegel - USV TU Dresde"]
[Site "?"]
[Date "2016.12.04"]
[Round "6.2"]
[White "Rabiega, Robert"]
[Black "Almasi, Zoltan"]
[Result "0-1"]
[WhiteElo "2507"]
[BlackElo "2703"]
[PlyCount "54"]
[EventDate "2016.??.??"]

1. e4 c5 2. c3 d6 3. d4 Nf6 4. Bd3 g6 5. dxc5 dxc5 6. e5 c4 7. Qa4+ Bd7 8. Qxc4
Ng4 9. Nf3 Nc6 10. Be4 Ngxe5 11. Nxe5 Nxe5 12. Qe2 Bg7 13. O-O O-O 14. Rd1 Bb5
15. Qe1 Qc8 16. Na3 Bc6 17. h3 f5 18. Bxc6 Nxc6 19. f4 e5 20. Qe2 Qe6 21. Qc4
Rae8 22. fxe5 f4 23. Rd6 Qxc4 24. Nxc4 Nxe5 25. Nxe5 Bxe5 26. Rd5 f3 27. Bd2
f2+ 0-1

[Event "BL 1617 SK König Tegel - USV TU Dresde"]
[Site "?"]
[Date "2016.12.04"]
[Round "6.3"]
[White "Nisipeanu, Liviu-Dieter"]
[Black "Richter, Michael"]
[Result "1-0"]
[WhiteElo "2680"]
[BlackElo "2504"]
[PlyCount "49"]
[EventDate "2016.??.??"]

1. e4 e6 2. d4 d5 3. Nd2 Nc6 4. Ngf3 Nf6 5. e5 Nd7 6. Bd3 Nb4 7. Be2 c5 8. c3
Nc6 9. O-O a5 10. a4 Be7 11. Nb1 O-O 12. Na3 cxd4 13. cxd4 f6 14. exf6 Nxf6 15.
Nb5 Bd7 16. Re1 Ne4 17. Bd3 Nb4 18. Bxe4 dxe4 19. Rxe4 Bc6 20. Rxe6 Bd5 21. Re3
Bf6 22. Bd2 Nc6 23. Qe2 Bxf3 24. Rxf3 Nxd4 25. Qc4+ 1-0

[Event "BL 1617 SK König Tegel - USV TU Dresde"]
[Site "?"]
[Date "2016.12.04"]
[Round "6.4"]
[White "Moreno Tejera, Emilio"]
[Black "Gajewski, Grzegorz"]
[Result "0-1"]
[WhiteElo "2436"]
[BlackElo "2612"]
[PlyCount "72"]
[EventDate "2016.??.??"]

1. e4 c5 2. Nf3 e6 3. d4 cxd4 4. Nxd4 a6 5. Nc3 Qc7 6. Bd3 Nf6 7. O-O d6 8. a4
b6 9. Kh1 Bb7 10. f4 Nbd7 11. Qe2 Be7 12. Bd2 O-O 13. b4 g6 14. Nf3 e5 15. Bc4
exf4 16. Bxf4 Rfc8 17. Nd5 Nxd5 18. Bxd5 Bxd5 19. exd5 Bf6 20. Rad1 Qxc2 21.
Qe1 Re8 22. Qg3 Ne5 23. Nd4 Qxa4 24. b5 Bg7 25. Qh4 axb5 26. Bh6 Bxh6 27. Qxh6
Rac8 28. Qg5 Rf8 29. Qf6 Rce8 30. Qxd6 Nc4 31. Qf6 Ne3 32. d6 Qa2 33. Qf3 Nxd1
34. Qxd1 Qd5 35. Nf3 Qxd1 36. Rxd1 Re6 0-1

[Event "BL 1617 SK König Tegel - USV TU Dresde"]
[Site "?"]
[Date "2016.12.04"]
[Round "6.5"]
[White "Paehtz, Elisabeth"]
[Black "Muse, Mladen"]
[Result "1-0"]
[WhiteElo "2463"]
[BlackElo "2387"]
[PlyCount "45"]
[EventDate "2016.??.??"]

1. e4 d5 2. exd5 Qxd5 3. Nc3 Qd6 4. d4 Nf6 5. Nf3 a6 6. g3 Bg4 7. Bg2 Nc6 8.
O-O O-O-O 9. h3 Bh5 10. Bf4 Qb4 11. g4 Bg6 12. a3 Qxb2 13. Qe1 e6 14. Ne5 Nd5
15. Nxd5 exd5 16. Nxc6 bxc6 17. Qa5 Bd6 18. Rfb1 Qxd4 19. Qxa6+ Kd7 20. Bxd6
Kxd6 21. Bxd5 Ke7 22. Re1+ Kf8 23. Rad1 1-0

[Event "BL 1617 SK König Tegel - USV TU Dresde"]
[Site "?"]
[Date "2016.12.04"]
[Round "6.6"]
[White "Bruedigam, Martin"]
[Black "Maiwald, Jens-Uwe"]
[Result "1/2-1/2"]
[WhiteElo "2412"]
[BlackElo "2453"]
[PlyCount "65"]
[EventDate "2016.??.??"]

1. e4 c5 2. Nf3 e6 3. g3 Nc6 4. Bg2 Nf6 5. Qe2 d6 6. O-O Be7 7. c3 O-O 8. Rd1
e5 9. Na3 Re8 10. d3 h6 11. Nc4 Bf8 12. h3 Rb8 13. a4 a6 14. Nh4 Be6 15. Qf3 g6
16. Ne3 Na5 17. Nd5 Bxd5 18. exd5 Nb3 19. Ra3 Nxc1 20. Rxc1 Bg7 21. Qd1 Qd7 22.
Qb3 e4 23. dxe4 Nxe4 24. Qc2 Nf6 25. Raa1 Re7 26. Re1 Rbe8 27. Rxe7 Qxe7 28.
Nf3 Qe2 29. Nd2 h5 30. Bf3 Qe7 31. h4 Nd7 32. Nc4 Ne5 33. Nxe5 1/2-1/2

[Event "BL 1617 SK König Tegel - USV TU Dresde"]
[Site "?"]
[Date "2016.12.04"]
[Round "6.7"]
[White "Tischbierek, Raj"]
[Black "Fruebing, Stefan"]
[Result "1/2-1/2"]
[WhiteElo "2454"]
[BlackElo "2371"]
[PlyCount "111"]
[EventDate "2016.??.??"]

1. e4 c5 2. Nc3 Nc6 3. g3 g6 4. Bg2 Bg7 5. d3 d6 6. Be3 e6 7. Qd2 Rb8 8. Nge2
Nd4 9. Nc1 Ne7 10. Nd1 O-O 11. c3 Ndc6 12. h4 Ne5 13. Bh6 Bxh6 14. Qxh6 f6 15.
d4 cxd4 16. cxd4 Nf7 17. Qd2 e5 18. O-O Qb6 19. Ne2 Bg4 20. Ndc3 Rbc8 21. Kh2
Kg7 22. f3 Be6 23. Bh3 Bxh3 24. Kxh3 Rfd8 25. d5 Rc4 26. Kg2 Rdc8 27. h5 Qc7
28. Rfc1 Qd7 29. Qe3 b5 30. hxg6 hxg6 31. Nd1 Rc2 32. Qd3 R2c5 33. Rc3 Rxc3 34.
Nexc3 b4 35. Ne2 Qa4 36. Ne3 Rc5 37. a3 Nc8 38. Kf2 a5 39. b3 Qb5 40. Qxb5 Rxb5
41. axb4 axb4 42. Nc4 Nb6 43. Ra5 Rxa5 44. Nxa5 f5 45. Nc1 fxe4 46. fxe4 Nd7
47. Nb7 Kf6 48. Nd3 Ke7 49. Ke3 Ng5 50. Na5 Nf6 51. Nf2 Nd7 52. Nb7 Nf6 53. g4
Nd7 54. Kd3 Nf6 55. Na5 Nd7 56. Nb7 1/2-1/2

[Event "BL 1617 SK König Tegel - USV TU Dresde"]
[Site "?"]
[Date "2016.12.04"]
[Round "6.8"]
[White "Muse, Drazen"]
[Black "Hoffmann, Paul"]
[Result "0-1"]
[WhiteElo "2358"]
[BlackElo "2361"]
[PlyCount "126"]
[EventDate "2016.??.??"]

1. d4 Nf6 2. g3 e6 3. Bg2 c5 4. Nf3 Nc6 5. O-O d5 6. c3 Be7 7. dxc5 Bxc5 8. Bg5
h6 9. Bxf6 Qxf6 10. Nbd2 O-O 11. e4 Bb6 12. exd5 exd5 13. Nb3 Bf5 14. Nfd4 Be4
15. Nxc6 bxc6 16. Bxe4 dxe4 17. Qg4 Qe5 18. Rae1 f5 19. Qe2 Rae8 20. Qc4+ Kh8
21. Nd4 f4 22. f3 e3 23. Kg2 Rf6 24. Ne2 fxg3 25. hxg3 Rd8 26. f4 Qf5 27. Nd4
Bxd4 28. cxd4 Qe4+ 29. Kh3 Rxd4 30. Qe2 Re6 31. f5 Re5 32. f6 Qd5 33. g4 gxf6
34. Rxf6 Kg7 35. Qf3 Qxf3+ 36. Rxf3 e2 37. Kg3 Kg6 38. Rc3 Kg5 39. Rxc6 Rxg4+
40. Kf3 Rf4+ 41. Kg2 Re7 42. Rc2 Rfe4 43. Kf3 Re3+ 44. Kf2 Kf6 45. Rc6+ R3e6
46. Rc2 Kf7 47. b3 Ke8 48. Rd2 Re5 49. Kf3 R7e6 50. Kf2 Ke7 51. Kf3 Re3+ 52.
Kf2 h5 53. Rd5 R6e5 54. Rd4 R3e4 55. Rd2 h4 56. Rdxe2 Rxe2+ 57. Rxe2 Rxe2+ 58.
Kxe2 Kd6 59. Kf3 Kc5 60. Kg4 Kb4 61. Kxh4 a5 62. Kg3 Ka3 63. Kf3 Kxa2 0-1

[Event "BL 1617 Bayern München - SG Solingen"]
[Site "?"]
[Date "2016.12.04"]
[Round "6.1"]
[White "Ragger, Markus"]
[Black "Bischoff, Klaus"]
[Result "1-0"]
[WhiteElo "2689"]
[BlackElo "2504"]
[PlyCount "83"]
[EventDate "2016.??.??"]

1. d4 Nf6 2. c4 e6 3. Nf3 Bb4+ 4. Nbd2 O-O 5. a3 Be7 6. e4 d6 7. Be2 Nbd7 8.
Qc2 e5 9. Nb1 c6 10. Nc3 a6 11. O-O b5 12. Rd1 Qc7 13. Bg5 h6 14. Bh4 Re8 15.
Rac1 Qb8 16. Bg3 Nh5 17. cxb5 Nxg3 18. hxg3 axb5 19. d5 b4 20. axb4 c5 21. bxc5
Nxc5 22. Bb5 Rf8 23. b4 Nd7 24. Bc6 Ra7 25. Nb5 Ra6 26. Ra1 Nf6 27. Qe2 Qb6 28.
Rab1 Ng4 29. Nd2 f5 30. Nc4 Qb8 31. Nc3 fxe4 32. Nxe4 Bf5 33. b5 Ra4 34. Rb2
Rxc4 35. Qxc4 Qb6 36. Rf1 h5 37. Ra2 Ne3 38. fxe3 Qxe3+ 39. Nf2 Qxg3 40. Qe2
Bd8 41. Ra8 e4 42. Rxd8 1-0

[Event "BL 1617 Bayern München - SG Solingen"]
[Site "?"]
[Date "2016.12.04"]
[Round "6.2"]
[White "Fedorovsky, Michael"]
[Black "Predojevic, Borki"]
[Result "1/2-1/2"]
[WhiteElo "2472"]
[BlackElo "2616"]
[PlyCount "46"]
[EventDate "2016.??.??"]

1. d4 Nf6 2. c4 e6 3. Nf3 b6 4. g3 Bb7 5. Bg2 Be7 6. O-O O-O 7. Nc3 Ne4 8. Nxe4
Bxe4 9. Ne1 Bxg2 10. Nxg2 Re8 11. e4 c5 12. Be3 cxd4 13. Qxd4 d6 14. Qd2 Nd7
15. Rac1 Qc7 16. f3 a6 17. b3 Qb7 18. Nf4 b5 19. cxb5 axb5 20. Rc2 Rec8 21.
Rfc1 Ne5 22. Kf2 Rxc2 23. Rxc2 h6 1/2-1/2

[Event "BL 1617 Bayern München - SG Solingen"]
[Site "?"]
[Date "2016.12.04"]
[Round "6.3"]
[White "Smeets, Jan"]
[Black "Dragnev, Valentin"]
[Result "1-0"]
[WhiteElo "2593"]
[BlackElo "2475"]
[PlyCount "119"]
[EventDate "2016.??.??"]

1. e4 e5 2. Nf3 Nc6 3. Bb5 a6 4. Ba4 Nf6 5. O-O Be7 6. Re1 b5 7. Bb3 d6 8. c3
O-O 9. h3 Nb8 10. d4 Nbd7 11. c4 c6 12. a3 bxc4 13. Bxc4 Nxe4 14. Rxe4 d5 15.
Nxe5 dxe4 16. Nxc6 Qe8 17. Nxe7+ Qxe7 18. Nc3 Nb6 19. Ba2 Be6 20. d5 Rfd8 21.
Qh5 Nxd5 22. Bxd5 Qc5 23. Be3 Rxd5 24. Qxd5 Qxd5 25. Nxd5 Bxd5 26. Rc1 f6 27.
b4 Be6 28. Rc7 Rc8 29. Ra7 Bc4 30. a4 Rb8 31. Bc5 h5 32. h4 Rd8 33. Re7 Rd1+
34. Kh2 Bd3 35. Kg3 Ra1 36. a5 Rc1 37. Kf4 Rc2 38. Be3 Kh7 39. g4 hxg4 40. h5
Rc4 41. b5 axb5 42. a6 Rc8 43. a7 Bc4 44. Rb7 Ra8 45. Kf5 Bd5 46. Rxb5 Bc6 47.
Rb8 Bd7+ 48. Kxe4 Bc6+ 49. Kf4 g6 50. Kxg4 gxh5+ 51. Kxh5 Kg7 52. Kg4 Kf7 53.
f4 Ke6 54. f5+ Ke5 55. Bf2 Ke4 56. Rb4+ Ke5 57. Bg3+ Kd5 58. Bb8 Bd7 59. Kf4
Bc8 60. Rb6 1-0

[Event "BL 1617 Bayern München - SG Solingen"]
[Site "?"]
[Date "2016.12.04"]
[Round "6.4"]
[White "Johansson, Linus"]
[Black "Nikolic, Predrag"]
[Result "1/2-1/2"]
[WhiteElo "2407"]
[BlackElo "2615"]
[PlyCount "97"]
[EventDate "2016.??.??"]

1. c4 e5 2. Nc3 Nf6 3. g3 d5 4. cxd5 Nxd5 5. Bg2 Nb6 6. Nf3 Nc6 7. O-O Be7 8.
Rb1 O-O 9. b4 a6 10. a3 Re8 11. d3 Bf8 12. Bb2 Rb8 13. Rc1 Bg4 14. h3 Bxf3 15.
Bxf3 Nd4 16. Bg2 c6 17. e3 Ne6 18. Ne2 Bd6 19. Qb3 Nd7 20. e4 Qb6 21. Kh1 c5
22. Qa4 Qb5 23. Qxb5 axb5 24. f4 b6 25. Nc3 Nd4 26. bxc5 bxc5 27. Rb1 Nf6 28.
Kh2 Nb3 29. Rf2 c4 30. fxe5 Bxe5 31. Nxb5 cxd3 32. Bxe5 Rxb5 33. Bxf6 gxf6 34.
Rfb2 d2 35. Rxd2 Nxd2 36. Rxb5 Nxe4 37. Rb2 Nc5 38. Ra2 Re6 39. Bf1 Na4 40. Kg2
Re3 41. Kf2 Rc3 42. Ra1 f5 43. Bb5 Nc5 44. a4 Ne4+ 45. Ke1 Re3+ 46. Kf1 Rf3+
47. Ke1 Re3+ 48. Kf1 Rf3+ 49. Ke1 1/2-1/2

[Event "BL 1617 Bayern München - SG Solingen"]
[Site "?"]
[Date "2016.12.04"]
[Round "6.5"]
[White "Naumann, Alexander"]
[Black "Lindgren, Philip"]
[Result "1/2-1/2"]
[WhiteElo "2567"]
[BlackElo "2424"]
[PlyCount "43"]
[EventDate "2016.??.??"]

1. d4 Nf6 2. c4 e6 3. Nc3 d5 4. Nf3 Nbd7 5. cxd5 exd5 6. Bf4 c6 7. Qc2 Nh5 8.
Bd2 Be7 9. g4 Nhf6 10. h3 Bb4 11. e3 Qe7 12. Bd3 Nb6 13. O-O-O Be6 14. Ne2
O-O-O 15. Bxb4 Qxb4 16. Nf4 g6 17. Ne5 Qe7 18. Kb1 Nfd7 19. Nxd7 Bxd7 20. Be2
Kb8 21. Nd3 Nc4 22. Nc5 1/2-1/2

[Event "BL 1617 Bayern München - SG Solingen"]
[Site "?"]
[Date "2016.12.04"]
[Round "6.6"]
[White "Schenk, Andreas"]
[Black "Handke, Florian"]
[Result "0-1"]
[WhiteElo "2466"]
[BlackElo "2515"]
[PlyCount "92"]
[EventDate "2016.??.??"]

1. d4 d5 2. c4 c6 3. Nf3 Nf6 4. e3 Bf5 5. Nc3 e6 6. Nh4 Be4 7. Qb3 Qb6 8. Nf3
Bxf3 9. gxf3 dxc4 10. Bxc4 Nbd7 11. Bd2 Be7 12. Rc1 O-O 13. f4 Rac8 14. Ke2 Qc7
15. Bd3 Qa5 16. f3 Qh5 17. Ne4 Nxe4 18. Bxe4 Nf6 19. Bd3 Nd5 20. h3 c5 21. dxc5
Bxc5 22. Be4 Rfd8 23. Qa4 Qh4 24. Bxd5 exd5 25. b4 Bb6 26. Rxc8 Rxc8 27. Qd7
Rd8 28. Qg4 Qe7 29. Kf2 d4 30. e4 d3+ 31. Kg3 Qd6 32. Rc1 h5 33. Qg5 Qd4 34.
Kh2 Qb2 35. f5 f6 36. Qg2 Qxa2 37. h4 Qf7 38. Kh3 Qd7 39. Qf1 a6 40. Rc4 Qb5
41. Qc1 Kh7 42. Rc8 Rxc8 43. Qxc8 Qa4 44. Qc1 a5 45. bxa5 Bxa5 46. Qg1 Bxd2 0-1

[Event "BL 1617 Bayern München - SG Solingen"]
[Site "?"]
[Date "2016.12.04"]
[Round "6.7"]
[White "Andersen, Mads"]
[Black "Reich, Thomas"]
[Result "1/2-1/2"]
[WhiteElo "2547"]
[BlackElo "2362"]
[PlyCount "89"]
[EventDate "2016.??.??"]

1. d4 Nf6 2. c4 g6 3. Nf3 Bg7 4. g3 O-O 5. Bg2 d6 6. Nc3 Nc6 7. O-O Bf5 8. Bg5
Ne4 9. Nxe4 Bxe4 10. d5 Bxf3 11. exf3 Nd4 12. Re1 Re8 13. Re4 h6 14. Bxh6 Bxh6
15. Qxd4 Bg7 16. Qd2 c6 17. Rae1 cxd5 18. Qxd5 e6 19. Qd2 Qb6 20. b3 d5 21.
cxd5 Red8 22. Qe3 Rxd5 23. Qxb6 axb6 24. a4 b5 25. Bf1 bxa4 26. bxa4 Rd2 27.
Bb5 Rc8 28. R1e2 Rcc2 29. f4 Rxe2 30. Bxe2 Rd2 31. Kf1 Rd4 32. Rxd4 Bxd4 33. h4
Kg7 34. h5 e5 35. fxe5 Bxe5 36. hxg6 fxg6 37. f4 Bd6 38. Kg2 Kf6 39. Kf3 g5 40.
fxg5+ Kxg5 41. g4 Bc5 42. Ke4 Bf2 43. Kd5 b6 44. Kc6 Bg1 45. Kb5 1/2-1/2

[Event "BL 1617 Bayern München - SG Solingen"]
[Site "?"]
[Date "2016.12.04"]
[Round "6.8"]
[White "Gretz, Denis"]
[Black "Wegerle, Joerg"]
[Result "0-1"]
[WhiteElo "2288"]
[BlackElo "2431"]
[PlyCount "88"]
[EventDate "2016.??.??"]

1. e4 c5 2. Nf3 Nc6 3. d4 cxd4 4. Nxd4 e5 5. Nb5 a6 6. Nd6+ Bxd6 7. Qxd6 Qe7 8.
Qd1 Nf6 9. Nc3 d6 10. Bc4 Be6 11. Nd5 Bxd5 12. exd5 Nb8 13. O-O Nbd7 14. Be2
O-O 15. c4 a5 16. Be3 Ne4 17. Qc2 Nec5 18. Rae1 f5 19. f4 g6 20. Bf3 Rae8 21.
Bd2 Qd8 22. g3 exf4 23. gxf4 Nf6 24. Bc3 Rxe1 25. Bxe1 Nfe4 26. Bc3 Nxc3 27.
Qxc3 Re8 28. Re1 Rxe1+ 29. Qxe1 Kg7 30. b3 b6 31. a3 Qf6 32. b4 axb4 33. axb4
Nd3 34. Qe3 Nxb4 35. Qxb6 Nd3 36. Qe3 Nc5 37. Kg2 h6 38. Qa3 g5 39. Bh5 Qe7 40.
Qa1+ Kh7 41. Qb1 Ne4 42. Qb8 Nf6 43. Bd1 Qe4+ 44. Bf3 Qxf4 0-1

[Event "BL 1617 MSA Zugzwang - SV Mülheim Nord"]
[Site "?"]
[Date "2016.12.04"]
[Round "6.1"]
[White "Fridman, Daniel"]
[Black "Bromberger, Stefan"]
[Result "1/2-1/2"]
[WhiteElo "2596"]
[BlackElo "2525"]
[PlyCount "55"]
[EventDate "2016.??.??"]

1. d4 d5 2. Nf3 Nf6 3. c4 dxc4 4. e3 e6 5. Bxc4 c5 6. O-O a6 7. dxc5 Bxc5 8.
Qxd8+ Kxd8 9. Be2 Ke7 10. Ne5 Nbd7 11. Nd3 Bd6 12. Nd2 Nc5 13. Nxc5 Bxc5 14.
Nb3 Bd6 15. Rd1 Bd7 16. Na5 Rab8 17. Bd2 b6 18. Nc4 Bb5 19. Rac1 a5 20. Bf3
Bxc4 21. Rxc4 Rhc8 22. Rdc1 Rxc4 23. Rxc4 Rd8 24. Bc3 Rb8 25. Kf1 g6 26. h3 Nd7
27. a4 Ne5 28. Bxe5 1/2-1/2

[Event "BL 1617 MSA Zugzwang - SV Mülheim Nord"]
[Site "?"]
[Date "2016.12.04"]
[Round "6.2"]
[White "Kindermann, Stefan"]
[Black "Landa, Konstantin"]
[Result "0-1"]
[WhiteElo "2507"]
[BlackElo "2612"]
[PlyCount "120"]
[EventDate "2016.??.??"]

1. d4 d5 2. Bg5 h6 3. Bh4 c5 4. c3 Qb6 5. Qb3 Nc6 6. e3 c4 7. Qc2 Bf5 8. Qc1 e6
9. Nd2 Rc8 10. Ngf3 Be7 11. Bxe7 Ngxe7 12. Be2 O-O 13. O-O Qc7 14. Re1 b5 15.
Bd1 b4 16. Bc2 bxc3 17. bxc3 Bxc2 18. Qxc2 f5 19. Rab1 Rb8 20. Rxb8 Rxb8 21.
Rb1 Rb6 22. Rxb6 Qxb6 23. Ne1 Nc8 24. Qb1 Qxb1 25. Nxb1 g5 26. f3 Nd6 27. Kf2
Kf7 28. Nc2 a5 29. Nba3 Ne7 30. Nb1 Nec8 31. Ke2 Nb6 32. Kd2 Kf6 33. Nca3 h5
34. Ke2 Na4 35. Kd2 Nb6 36. Ke2 Na4 37. Kd2 f4 38. exf4 gxf4 39. Nc2 Nb5 40.
Ne1 e5 41. dxe5+ Kxe5 42. g3 d4 43. cxd4+ Nxd4 44. Nc3 Nxc3 45. Kxc3 fxg3 46.
hxg3 Kd5 47. Kd2 a4 48. Ng2 Kc5 49. Nf4 Kb4 50. Nd5+ Ka3 51. Kc3 Ne2+ 52. Kxc4
Nxg3 53. Kb5 Nf5 54. Ka5 h4 55. Nf6 Nd4 56. f4 Ne2 57. f5 Nd4 58. Ng4 Nxf5 59.
Nf2 Nd4 60. Nh3 Nb3+ 0-1

[Event "BL 1617 MSA Zugzwang - SV Mülheim Nord"]
[Site "?"]
[Date "2016.12.04"]
[Round "6.3"]
[White "Berelowitsch, Alexander"]
[Black "Schramm, Christian"]
[Result "1-0"]
[WhiteElo "2523"]
[BlackElo "2384"]
[PlyCount "80"]
[EventDate "2016.??.??"]

1. e4 e6 2. d4 d5 3. Nd2 c5 4. exd5 Qxd5 5. Ngf3 cxd4 6. Bc4 Qd7 7. O-O Nc6 8.
Nb3 a6 9. Nbxd4 Nxd4 10. Nxd4 Nf6 11. Re1 Bc5 12. c3 Qc7 13. Bf1 Bd7 14. Bg5
Rd8 15. Bxf6 gxf6 16. Qf3 Ke7 17. Rad1 Bxd4 18. cxd4 Bb5 19. Bxb5 axb5 20. d5
e5 21. Qe4 Qc4 22. d6+ Ke6 23. Qxb7 Rd7 24. Qf3 Rg8 25. b3 Qc5 26. Rc1 Qd5 27.
Qh3+ f5 28. Rcd1 Qa8 29. f4 f6 30. Re2 Rg4 31. fxe5 fxe5 32. Qh6+ Rg6 33. Qe3
e4 34. Rf2 Qc6 35. Rdf1 Rf6 36. g4 Rg7 37. h3 h5 38. Rxf5 Rgg6 39. d7 Kxd7 40.
Qd4+ Kc8 1-0

[Event "BL 1617 MSA Zugzwang - SV Mülheim Nord"]
[Site "?"]
[Date "2016.12.04"]
[Round "6.4"]
[White "Zysk, Robert"]
[Black "Levin, Felix"]
[Result "1/2-1/2"]
[WhiteElo "2391"]
[BlackElo "2530"]
[PlyCount "52"]
[EventDate "2016.??.??"]

1. Nf3 Nf6 2. c4 e6 3. g3 d5 4. Bg2 Be7 5. O-O O-O 6. d4 c6 7. Qc2 b6 8. Nbd2
Bb7 9. e4 Na6 10. e5 Nd7 11. a3 Nc7 12. Re1 c5 13. dxc5 bxc5 14. Nf1 Rb8 15. h4
h6 16. cxd5 Bxd5 17. N1d2 Qc8 18. Ne4 Qb7 19. Qe2 Rfd8 20. g4 Bxe4 21. Qxe4
Qxe4 22. Rxe4 Nb6 23. g5 Rd1+ 24. Bf1 hxg5 25. hxg5 g6 26. Kg2 Kg7 1/2-1/2

[Event "BL 1617 MSA Zugzwang - SV Mülheim Nord"]
[Site "?"]
[Date "2016.12.04"]
[Round "6.5"]
[White "Feygin, Michael"]
[Black "Gerigk, Erasmus"]
[Result "1-0"]
[WhiteElo "2478"]
[BlackElo "2366"]
[PlyCount "147"]
[EventDate "2016.??.??"]

1. d4 g6 2. e4 Bg7 3. Nc3 d6 4. Be3 a6 5. Qd2 b5 6. h4 h5 7. Nh3 Nf6 8. f3 Nbd7
9. a4 b4 10. Ne2 Rb8 11. Ng5 O-O 12. a5 c5 13. Kf2 cxd4 14. Nxd4 Qc7 15. Nb3 e6
16. Bf4 e5 17. Bg3 Bb7 18. Bd3 d5 19. exd5 Nxd5 20. Rhe1 Rbd8 21. Kf1 Rfe8 22.
Re4 Qb8 23. Rc4 Bh6 24. Re1 Kg7 25. Qf2 f6 26. Nh3 Rc8 27. Kg1 Rxc4 28. Bxc4
Rc8 29. Bd3 Qc7 30. Qe2 Nc5 31. Nxc5 Qxc5+ 32. Bf2 Qc6 33. Rd1 Qe6 34. Bc4 Rd8
35. Bb3 Kh7 36. Bb6 Rd7 37. Qc4 Qc6 38. Bf2 Qxc4 39. Bxc4 Nb6 40. Rxd7+ Nxd7
41. Be1 Bf8 42. Nf2 Nb8 43. Ne4 Be7 44. Bf2 Nd7 45. Be6 Nf8 46. Bc5 Nxe6 47.
Bxe7 f5 48. Nd6 Bd5 49. Nf7 Nd4 50. Nxe5 Nxc2 51. Kf2 Kg7 52. f4 b3 53. Bc5 Kf6
54. g3 Kg7 55. Ke2 Kf6 56. Kd2 Kg7 57. Nd3 Kf6 58. Kc3 Na1 59. Bd4+ Ke6 60.
Nc5+ Kd6 61. Nxa6 Nc2 62. Bf2 Kc6 63. Nc5 Na1 64. a6 Kd6 65. a7 Kc7 66. Nd3 Kb7
67. Ne5 Be4 68. Nxg6 Bc6 69. Nf8 Bd5 70. Nd7 Bf3 71. Nc5+ Ka8 72. Ne6 Kb7 73.
Ng7 Bg4 74. Ne8 1-0

[Event "BL 1617 MSA Zugzwang - SV Mülheim Nord"]
[Site "?"]
[Date "2016.12.04"]
[Round "6.6"]
[White "Dr. Hoffmeyer, Falk"]
[Black "Zelbel, Patrick"]
[Result "1/2-1/2"]
[WhiteElo "2361"]
[BlackElo "2448"]
[PlyCount "92"]
[EventDate "2016.??.??"]

1. d4 Nf6 2. Bg5 Ne4 3. Bf4 c5 4. f3 Qa5+ 5. c3 Nf6 6. d5 Qb6 7. Nd2 Nxd5 8.
Nc4 Qe6 9. Bxb8 Rxb8 10. e4 Nb6 11. Ne3 g6 12. g3 Bh6 13. Ng4 Bg7 14. Nh3 h5
15. Nf4 Qc6 16. Ne3 h4 17. Rg1 Bh6 18. a4 hxg3 19. hxg3 Bxf4 20. gxf4 Qf6 21.
a5 Qxf4 22. Qe2 Rh2 23. Bg2 Na8 24. O-O-O Nc7 25. Rh1 d6 26. Rxh2 Qxh2 27. Rh1
Qe5 28. Kb1 Ne6 29. Nd5 g5 30. Rh5 Kd8 31. Bh3 Nf4 32. Nxf4 Qxf4 33. Rh8+ Kc7
34. Rxc8+ Rxc8 35. Bxc8 Kxc8 36. a6 bxa6 37. Qxa6+ Kb8 38. Qb5+ Kc7 39. Qa5+
Kd7 40. Qxa7+ Ke6 41. Qb7 c4 42. Qc8+ Kf6 43. Qh8+ Ke6 44. Qc8+ Kf6 45. Qh8+
Kg6 46. Qg8+ Kf6 1/2-1/2

[Event "BL 1617 MSA Zugzwang - SV Mülheim Nord"]
[Site "?"]
[Date "2016.12.04"]
[Round "6.7"]
[White "Saltaev, Mihail"]
[Black "Eichler, Christoph"]
[Result "1/2-1/2"]
[WhiteElo "2485"]
[BlackElo "2325"]
[PlyCount "82"]
[EventDate "2016.??.??"]

1. e4 e5 2. Nf3 Nc6 3. Bc4 Nf6 4. d3 Be7 5. O-O O-O 6. Re1 d6 7. c3 Na5 8. Bb5
a6 9. Ba4 c5 10. Nbd2 b5 11. Bc2 Nc6 12. Nf1 Re8 13. h3 h6 14. Ng3 Qc7 15. Nh2
d5 16. Ng4 Nxg4 17. hxg4 Be6 18. exd5 Bxd5 19. Ne4 Nd8 20. Qf3 Qc6 21. c4 Be6
22. Be3 Rc8 23. cxb5 Qxb5 24. Qd1 Qxb2 25. Ba4 Rf8 26. g5 hxg5 27. Nxg5 Bxg5
28. Bxg5 Nc6 29. Rb1 Qxa2 30. Rb6 Nb4 31. Be7 Rfd8 32. Bxd8 Rxd8 33. Rxe5 Nxd3
34. Bc2 c4 35. Rb7 Qa3 36. Re3 Qd6 37. Qh5 Qd5 38. Qxd5 Rxd5 39. Ra7 Rd6 40.
Rc7 g6 41. Ba4 Rb6 1/2-1/2

[Event "BL 1617 MSA Zugzwang - SV Mülheim Nord"]
[Site "?"]
[Date "2016.12.04"]
[Round "6.8"]
[White "Lammers, Markus"]
[Black "Dinstuhl, Volkmar"]
[Result "1/2-1/2"]
[WhiteElo "2316"]
[BlackElo "2409"]
[PlyCount "143"]
[EventDate "2016.??.??"]

1. Nf3 d5 2. c4 d4 3. b4 g6 4. g3 Bg7 5. Bg2 e5 6. d3 Ne7 7. O-O O-O 8. Nbd2 a5
9. bxa5 Nbc6 10. Nb3 Nxa5 11. Bd2 Nac6 12. a4 h6 13. a5 f5 14. Qb1 Ra7 15. e3
g5 16. exd4 exd4 17. Re1 Ng6 18. Re2 f4 19. Ne1 Nce5 20. Bd5+ Kh8 21. Nxd4 c6
22. Ne6 Bxe6 23. Bxe6 Qf6 24. Bh3 Nf3+ 25. Nxf3 Qxa1 26. Qxa1 Bxa1 27. Bb4 fxg3
28. Bxf8 gxf2+ 29. Kxf2 Nxf8 30. Re7 Ng6 31. Rd7 Rxa5 32. Rxb7 Nf4 33. Bf1 Ra3
34. Rd7 c5 35. Ke3 Bg7 36. h4 Ra1 37. hxg5 hxg5 38. Nxg5 Ng6 39. Bg2 Rg1 40.
Kf2 Ra1 41. Rd8+ Nf8 42. Ne6 Ra7 43. Bd5 Rf7+ 44. Ke2 Bh6 45. Nxc5 Re7+ 46. Ne6
Kh7 47. Be4+ Kg8 48. Nxf8 Bxf8 49. Ke3 Kf7 50. d4 Bg7 51. c5 Ra7 52. Ra8 Rxa8
53. Bxa8 Ke6 54. Bf3 Bf8 55. Kd3 Kd7 56. Kc4 Be7 57. Kd5 Bf8 58. Be2 Bg7 59.
Bb5+ Kc7 60. Ba4 Bf6 61. Ke4 Bg7 62. Bb5 Bf6 63. Be2 Bg7 64. Bf3 Bf6 65. Kd5
Bg7 66. Kc4 Bf6 67. d5 Be7 68. Kb5 Bf8 69. Bg4 Be7 70. Bc8 Bf8 71. Bb7 Be7 72.
Bc6 1/2-1/2

[Event "BL 1617 MSA Zugzwang - Werder Bremen"]
[Site "?"]
[Date "2017.02.18"]
[Round "7.1"]
[White "McShane, Luke J"]
[Black "Bromberger, Stefan"]
[Result "1-0"]
[WhiteElo "2644"]
[BlackElo "2512"]
[PlyCount "71"]
[EventDate "2017.??.??"]

1. e4 e5 2. Nf3 Nc6 3. Bc4 Nf6 4. d3 Be7 5. Bb3 O-O 6. O-O a5 7. c3 d5 8. Nbd2
b5 9. a4 b4 10. Re1 bxc3 11. bxc3 Ba6 12. exd5 Nxd5 13. Ne4 Rb8 14. Ba2 Nf6 15.
Ng3 Bxd3 16. Nxe5 Nxe5 17. Rxe5 Bd6 18. Re1 Bg6 19. Be3 h5 20. Bd4 h4 21. Nf1
c5 22. Bxf6 Qxf6 23. Ne3 Rb2 24. Ng4 Qg5 25. Qxd6 Qxg4 26. Bd5 Qf5 27. Qxc5 h3
28. c4 hxg2 29. Rad1 Rc8 30. Qd4 Rb4 31. Re5 Qf6 32. Rde1 Rxa4 33. Qg4 Rf8 34.
Re8 Bf5 35. Qh5 Be6 36. R1xe6 1-0

[Event "BL 1617 MSA Zugzwang - Werder Bremen"]
[Site "?"]
[Date "2017.02.18"]
[Round "7.2"]
[White "Kindermann, Stefan"]
[Black "Bluebaum, Matthias"]
[Result "1/2-1/2"]
[WhiteElo "2505"]
[BlackElo "2632"]
[PlyCount "53"]
[EventDate "2017.??.??"]

1. d4 d5 2. Bf4 Nf6 3. e3 c5 4. c3 Nc6 5. Nd2 Bf5 6. Ngf3 e6 7. Qa4 Qb6 8. Bb5
a6 9. Bxc6+ bxc6 10. dxc5 Bxc5 11. Nd4 O-O 12. Nxf5 exf5 13. Nb3 Ne4 14. O-O
Bd6 15. Qd4 Rab8 16. Bxd6 Nxd6 17. Rab1 Rfe8 18. Rfd1 Nc4 19. h3 a5 20. Nc5 Qa7
21. Nd3 Qc7 22. Qf4 Qxf4 23. exf4 Re2 24. Kf1 Rc2 25. Rbc1 Rxc1 26. Rxc1 a4 27.
Rc2 1/2-1/2

[Event "BL 1617 MSA Zugzwang - Werder Bremen"]
[Site "?"]
[Date "2017.02.18"]
[Round "7.3"]
[White "Hracek, Zbynek"]
[Black "Hertneck, Gerald"]
[Result "1-0"]
[WhiteElo "2610"]
[BlackElo "2487"]
[PlyCount "95"]
[EventDate "2017.??.??"]

1. e4 e6 2. d4 d5 3. e5 c5 4. c3 Nc6 5. Nf3 Bd7 6. Be2 Nge7 7. O-O Nf5 8. dxc5
Bxc5 9. Bd3 Nh4 10. Nbd2 Ng6 11. Nb3 Bb6 12. Re1 Qb8 13. Qe2 Bc7 14. Bxg6 hxg6
15. Bg5 Bd8 16. Bxd8 Qxd8 17. Nbd4 Nxd4 18. Nxd4 Qb6 19. Qd2 O-O-O 20. a4 Kb8
21. h3 Rc8 22. a5 Qd8 23. Re3 Rc5 24. Rf3 Rf8 25. b4 Rc4 26. Re1 Qe7 27. Qf4
Be8 28. h4 Rh8 29. g3 Rh5 30. Qe3 g5 31. hxg5 Rxg5 32. Kg2 Rh5 33. Rh1 Rxh1 34.
Kxh1 f5 35. exf6 gxf6 36. Qxe6 Qxe6 37. Nxe6 d4 38. Rf4 Bf7 39. Nxd4 Rxc3 40.
Rxf6 Bd5+ 41. Kh2 Rc4 42. Nb5 Rc8 43. g4 a6 44. Nd6 Rh8+ 45. Kg3 Kc7 46. Nf5
Rh1 47. Rd6 Rd1 48. Kf4 1-0